| 000 | 00554nam a22001817a 4500 | ||
|---|---|---|---|
| 005 | 20251108164104.0 | ||
| 008 | 250721s2000 xx 000 0 ara d | ||
| 082 | 1 | 4 | _a956.411/قدس |
| 100 | 1 |
_aعواد، محمود _eed. |
|
| 245 | 1 | 0 | _aالقدس في أقوال الحسين و الحسن / |
| 264 | 1 |
_aعمان : _bاللجنة الملكية لشؤون القدس، _c2000. |
|
| 300 | _a559ص | ||
| 650 | 1 | 7 | _aتاريخ فلسطين |
| 650 | 1 | 7 | _aالقدس |
| 700 | 1 |
_aمطر، أحمد فايز _eجمع |
|
| 942 |
_2ddc _cBK |
||
| 999 |
_c3315 _d3315 |
||